100 srpskih sportista i sportistkinja - Statistics

General Stats
  • This quiz has been taken 283 times
    3 since last reset
  • The average score is 73 of 100
Answer Stats
Picture Hint Answer % Correct
1967 Aleksandar Đorđević
100%
1975 Aleksandar Karakašević
100%
1994 Aleksandar Mitrović
100%
1978 Aleksandar Šapić
100%
1970 Alisa Marić
100%
1989 Ana Dabović
100%
1987 {Ana} Ivanović
100%
1984 Asmir Kolašinac
100%
1992 {Bogdan} Bogdanović
100%
1944 Bora Milutinović
100%
1984 {Branislav} Ivanović
100%
1973 Dejan Bodiroga
100%
1978 Dejan Stanković
100%
1946 Dragan Džajić
100%
1962-1985 Dragan Mance
100%
1965 Dragan Stojković
100%
1971 {Dragutin} Topić
100%
1951-2025 Dražen Dalipagić
100%
1943-2021 Dušan Ivković
100%
1959-2026 Duško Vujošević
100%
1990 Ivana Španović
100%
1984 Janko Tipsarević
100%
1965 Jasna Šekarić
100%
1985 Jelena Janković
100%
1947 Ljupko Petrović
100%
1978 Marko Jarić
100%
1987 Miloš Teodosić
100%
1973 Monika Seleš
100%
1987 Nađa Higl
100%
1981 Nemanja Vidić
100%
1995 Nikola Jokić
100%
1987 Novak Đoković
100%
1922-2008 Rajko Mitić
100%
1969-2022 Siniša Mihajlović
100%
1963 Slobodan Živojinović
100%
1949 Svetislav Pešić
100%
1960 Svetlana Kitić
100%
1968 Vlade Divac
100%
1970 {Vladimir} Grbić
100%
1931-2014 Vujadin Boškov
100%
1968 Žarko Paspalj
100%
1967 Željko Obradović
100%
1949 Zoran Slavnić
100%
2004 Adriana Vilagoš
67%
1985 Aleksandar Kolarov
67%
1987 Andrea Lekić
67%
1977 Andrija Gerić
67%
2005 {Angelina} Topić
67%
1979 Arpad Šterbik
67%
1994 Bianka Buša
67%
1988 Boban Marjanović
67%
1984 Damir Mikec
67%
1953 Dragan Kićanović
67%
1985 Dušan Domović Bulut
67%
1988 Dušan Tadić
67%
1987 Filip Filipović
67%
1963 {Goran} Maksimović
67%
1990 {Ivana} Maksimović
67%
1979 Ivan Miljković
67%
1984 Maja Ognjenović
67%
1990 Milena Rašić
67%
1991 Milica Mandić
67%
1984 Milorad Čavić
67%
1981 Momir Ilić
67%
1971 Nenad Peruničić
67%
1976 Nenad Zimonjić
67%
1973 {Nikola} Grbić
67%
1977 Olivera Jevtić
67%
1970 Predrag Danilović
67%
1977 Predrag Stojaković
67%
1938-1969 Radivoj Korać
67%
1957 Slobodan Kačar
67%
1989 Sonja Vasić
67%
1923-2012 Svetozar Gligorić
67%
1998 {Tijana} Bogdanović
67%
1997 Tijana Bošković
67%
1993 Velimir Stjepanović
67%
1986 Viktor Troicki
67%
1973 Vladimir Vujasinović
67%
1972 Željko Rebrača
67%
1986 Zorana Arunović
67%
1974 Aleksandra Ivošev
33%
1985 Davor Štefanek
33%
1964 Dragan Perić
33%
1968 Dragan Škrbić
33%
1965 Igor Milanović
33%
1967 Ilija Lupulesku
33%
1996 Jovana Preković
33%
1981 Miloš Pavlović
33%
1951-2021 Nenad Stekić
33%
1990 Stefana Veljković
33%
1972 Stevan Pletikosić
33%
1992 Strahinja Stojačić
33%
1948-2021 Vera Nikolić
33%
1964 Aleksandar Šoštar
0%
2000 Anja Crevar
0%
1981 Jelena Lolović
0%
1942-2006 Mirko Sandić
0%
1967 Slobodan Branković
0%
1970 Snežana Pajkić
0%
No matching quizzes found
Score Distribution
Percent of People with Each Score
Percentile by Number Answered
Your Score History
You have not taken this quiz since the last reset